Vývoj a súčasná úprava parlamentných volieb v Slovenskej republike a v Českej republike

Ústavné provizórium. Vývoj vybraných inštitútov volebného zákonodarstva od roku 1920. Volebné právo po roku 1948. Vývoj volebného zákonodarstva po nežnej revolúcii.

Guardado en:
Detalles Bibliográficos
Autor principal: Lapčáková, Marta
Formato: Capítulo de libro
Lenguaje:eslovaco
Materias:
Etiquetas: Agregar Etiqueta
Sin Etiquetas, Sea el primero en etiquetar este registro!

MARC

LEADER 00000naa$a2200000$$$4500
001 0102259
005 20221207083557.9
041 0 |a slo 
044 |a SK 
245 1 0 |a Vývoj a súčasná úprava parlamentných volieb v Slovenskej republike a v Českej republike  |c Marta Lapčáková 
520 |a Ústavné provizórium. Vývoj vybraných inštitútov volebného zákonodarstva od roku 1920. Volebné právo po roku 1948. Vývoj volebného zákonodarstva po nežnej revolúcii. 
610 2 0 |a voľby 
610 2 0 |a história 
610 2 0 |a Slovensko 
610 2 0 |a Česko 
100 1 |a Lapčáková, Marta